00870nam a2200205Ia 4500008004100000020001800041082001300059100003700072245019500109300002800304490004100332500006000373650007100433264002200504336002700526337003300553338002800586040003500614999001500649161108s9999 xx 000 0 und d a9788481644135 a180 M17a aMartínez Nieto, Roxana Beatriz aLa aurora del pensamiento griego :b las cosmogonías prefilosóficas de Hesíodo, Alcmán, Ferecides, Epiménides, Museo y la Teogonía órfica antigua /c Roxana B. Martínez Nieto a300 páginas ;c 23 cm aEstructuras y procesos : filosofía aIncluye bibliografía e índice de nombres y fuentes. aCosmogonia / Filosofia Antigua / Filosofia Griega / Creaci{Hooka}N aMadrid :b Trotta atextobtxt2rdacontent asin mediaciónbn2rdamedia avolumenbnc2rdacarrier aCO-BoRNBPbspaerdacCO-BoRNBP c7542d7542